00239nam a22000857a 4500008004100000100003000041245003300071260004000104300000900144230623b |||||||| |||| 00| 0 eng d aChaudhary, Radha krishnan aSelect Inscriptions Of Bihar bK.L Mukhopadhyay,c1958.aCalcutta: a138p